000 004920000a22002050004500
999 _c48482
_d48482
001 1313
003 CO-MdFUSB
005 20170810163821.0
008 170810b xxu||||| |||| 00| 0 eng d
020 _a958-8110-37-8
040 _cCO-MdBIC
082 0 4 _a863C P94m
100 1 _aForero Delgadillo, Alfonso
245 1 0 _aUn mundo de valores / Alfonso Forero Delgadillo
250 _a2a ed.
260 _aColombia : Prolibros
300 _a80 Pag.
650 1 4 _aVALORES
942 _cLGB